• 首页
  • 本馆介绍
  • 公告通知
  • 最新文献
  • 馆藏检索
  • 电子资源
  • 读者导购
  • 参考咨询
  • 我的图书馆
  • 登录
  • 详细信息显示
  • 放入我的书架
  • 预约/预借图书
  • 作者相关作品
  • 分类相关作品
  • 丛书相关作品
  • 出版社相关作品

书目信息

  • 表格格式
  • 工作单格式
  • 卡片格式
书名: OPTICS
作者: F.G.SMITH AND J.H.THOMSON.
分册号:
分册名:
出版地: BRISTOL,ENGLAND :
 
出版社: MONOPHOTO FILMSETTER
出版时间:
页数: 350 p. ;
开本: 21cm.
丛书名:
中图分类号:
科图分类号:
其他分类号: O43:H31
主题词:
电子资源:
000 00423nam 2200157 a 4500
001 E0730876965
005 20070725155954.28
008 070228s 00010 eng
020    @cCNY1.70.
040    @aPFT@beng
090    @aO43:H31
099    @dO43:H31@ex15
245    @aOPTICS / @cF.G.SMITH AND J.H.THOMSON.
260    @aBRISTOL,ENGLAND :@bMONOPHOTO FILMSETTER.
300    @a350 p. ;@c21cm.
700    @aSMITH,F.G.AND THOMASON,J.H.
    
    OPTICS / / F.G.SMITH AND J.H.THOMSON.-BRISTOL,ENGLAND : : MONOPHOTO FILMSETTER.
    350 p. ; ; 21cm.
    
    
    ISBN CNY1.70.
    
●
相关链接 在E读中查询图书 在五车中查询图书 在当当中查询图书 在豆瓣中查询图书


正题名:OPTICS     索取号:O43:H31/x15         预约/预借

序号 登录号 条形码 馆藏地/架位号 状态 备注
1 13722   300137224   第二样本阅览室/ [索取号:O43:H31/x15] 在馆    
2 50022   000637831   第四借阅区/ [索取号:O43:H31/x15] 在馆    
唐山师范学院图书馆 欢迎您!
大连网信软件有限公司© 版权所有